000 00371nam a22001337a 4500
999 _c1780
_d1780
008 200203b ||||| |||| 00| 0 eng d
082 0 0 _a621.43
_bD318
100 _9153
_aDegler, Howard E.
245 1 0 _aDiesel and others
_cby Howard E Degler
260 _aChicago
_bAmerican Technical society
_c1946
300 _a237p.
650 0 _aInternal Combustion Engines
942 _cBK